| 000 | 01369cam a2200241 4500 | ||
|---|---|---|---|
| 001 | X124172 | ||
| 008 | 031029n2003 000 0 eng u | ||
| 035 | _a(Sirsi) u124172 | ||
| 100 | _aWarren, M. | ||
| 245 | _aInternet and its potential role in the development of multifunctional agriculture | ||
| 260 | _c2003 | ||
| 490 |
_aFarm Management _v11(9) July 2003, 567-586(11) |
||
| 520 | _aGiven at a conference on the development of multifunctional agriculture. Argues that the internet has considerable potential in facilitating the development of multifunctionality, particularly in the field of marketing. However, this potential is limited by growth rates in the use of the internet, particularly in the farm sector, due to differential development of telecommunications infrastructure and to factors relating to development of human understanding and capacity. A co-ordinated policy is needed at national and supranational level to ensure that rural populations are able to participate in the digital society and to harness the internet effectively in the development of multifunctionality. | ||
| 650 | _aAGRICULTURE | ||
| 650 | _aINTERNET | ||
| 650 | _aRURAL DEVELOPMENT | ||
| 650 | _aMARKETING | ||
| 650 | _aFARM DIVERSIFICATION | ||
| 650 | _aRURAL COMMUNITIES | ||
| 650 | _aRURAL ISSUES | ||
| 690 | _aRURAL-FARM BUSINESS MANAGEMENT | ||
| 942 | _n0 | ||
| 999 |
_c73705 _d73705 |
||